Harry Potter sudden death- students - Statistics

General Stats
  • This quiz has been taken 86 times
  • The average score is 13 of 17
Answers on the Grid
Answers color-coded by a green-red scale on the quiz's grid according to % correct below.
Harry
Albus
Neville
Mundungus
Fred
George
Alastor
Luna
Seamus
Sirius
Hedwig
Ron
Hermione
Cho
Winky
Vincent
Draco
Percy
Molly
Remus
Dean
Lee
Rita
Peter
Tom
Cornelius
Pansy
Michael
Cedric
Severus
 
Answer Stats
Answer % Correct
Harry
97%
George
86%
Fred
84%
Neville
84%
Draco
83%
Luna
83%
Ron
83%
Cho
81%
Hermione
81%
Seamus
77%
Cedric
74%
Percy
72%
Dean
71%
Pansy
67%
Lee
62%
Vincent
62%
Michael
48%
No matching quizzes found
Score Distribution
Percent of People with Each Score
Percentile by Number Answered
Your Score History
You have not taken this quiz